Estatísticas para Estónia

Clique aqui para jogar o quiz

Estatísticas Gerais

  • Esse quiz foi jogado 7 vezes
  • A pontuação média é 9 de 14

Estatísticas das Respostas

HintResposta% Correto
Qual é o seu código ISO?EST
100%
Qual é o seu idioma?Estoniano
100%
Qual é a sua moeda?Euro
100%
Onde fica?Europa
100%
Com que país faz fronteira a Sul?Letónia
100%
A Oeste com que mar faz fronteira?Mar Báltico
100%
Com que país faz fronteira a Leste?Rússia
100%
Qual é a sua capital?Tallinn
100%
Qual é a sua religião?Cristianismo
83%
De que antigo império é independente?Império Russo
50%
Qual é o prato típico?Chucrute
0%
Que golfo separa o país a Norte da Finlândia?Golfo da Finlândia
0%
Que lago se localiza na fronteira do país com a Rússia?Lago Peipus
0%
Qual é a profissão mais exercida no país?Modelo
0%

Distribuição das Pontuações

Percentil de Números Respondidos

Porcentagem de Pessoas com Cada Pontuação

Sua Pontuação Histórica

Você não jogou esse quiz